[Event "GBR-ch AM op 106th"]
[Site "Torquay"]
[Date "2019.08.02"]
[Round "5"]
[White "Wells, Jonathan C"]
[Black "Sedykh, Mikhail"]
[Result "1/2-1/2"]
[WhiteElo "2004"]
[BlackElo "2143"]
[PlyCount "37"]
[EventDate "2019.07.29"]
[EventType "swiss"]
[EventRounds "5"]
[EventCountry "ENG"]
[SourceTitle "EXT 2021"]
[Source "ChessBase"]
[SourceDate "2020.10.23"]
[SourceVersion "1"]
[SourceVersionDate "2020.10.23"]
[SourceQuality "1"]

1. d4 d5 2. c4 e6 3. Nf3 Nf6 4. g3 dxc4 5. Bg2 a6 6. 0-0 Nc6 7. Qc2 Nb4 8. Qxc4 b5 9. Qb3 Bb7 10. a3 Nbd5 11. a4 b4 12. Nbd2 c5 13. e4 Nb6 14. a5 Nbd7 15. e5 Nd5 16. Nc4 cxd4 17. Nxd4 Bc5 18. Rd1 0-0 19. Nf5 1/2-1/2

[Event "GBR-ch Atkins op 106th"]
[Site "Torquay"]
[Date "2019.07.28"]
[Round "4"]
[White "Wells, Jonathan C"]
[Black "Verma, Aditya"]
[Result "0-1"]
[WhiteElo "2004"]
[BlackElo "2119"]
[PlyCount "108"]
[EventDate "2019.07.26"]
[EventType "swiss"]
[EventRounds "5"]
[EventCountry "ENG"]
[SourceTitle "EXT 2021"]
[Source "ChessBase"]
[SourceDate "2020.10.23"]
[SourceVersion "1"]
[SourceVersionDate "2020.10.23"]
[SourceQuality "1"]

1. d4 d5 2. c4 c6 3. Nf3 Nf6 4. e3 Bf5 5. Nc3 e6 6. Nh4 Bg6 7. Be2 Be7 8. 0-0 0-0 9. Nxg6 hxg6 10. b3 Nbd7 11. Bb2 Rc8 12. Rc1 Qc7 13. cxd5 exd5 14. a3 Qb8 15. b4 b5 16. e4 dxe4 17. Qc2 Rfe8 18. Rfe1 Bd6 19. g3 e3 20. f4 Nb6 21. Bf3 Nc4 22. Re2 Qb6 23. Rce1 a5 24. Na2 axb4 25. axb4 Qa7 26. Bc3 Qe7 27. Qb3 Nd5 28. Rb1 Ra8 29. Be1 Ra3 30. Qd1 Rea8 31. Bxd5 cxd5 32. Nc1 Ra1 33. Nd3 Rxb1 34. Qxb1 Qe4 35. Bc3 Qf3 36. Qf1 Qe4 37. Qd1 Ra3 38. Qc2 Qf3 39. Ne1 Qg4 40. Kf1 Qh3+ 41. Kg1 Qh5 42. Kf1 Qg4 43. Qc1 g5 44. fxg5 Qxg5 45. Qc2 Qg4 46. Qc1 f5 47. Ng2 f4 48. Nxf4 Bxf4 49. gxf4 Qxf4+ 50. Ke1 Ra8 51. Kd1 Qf1+ 52. Be1 Ra3 53. Qb1 Qf4 54. Bg3 Qxd4+ 0-1

[Event "Torquay op 52nd"]
[Site "Torquay"]
[Date "2018.11.10"]
[Round "2"]
[White "Wells, Jonathan C"]
[Black "Waddington, Mike P"]
[Result "1/2-1/2"]
[WhiteElo "1983"]
[BlackElo "2080"]
[PlyCount "29"]
[EventDate "2018.11.09"]
[EventType "swiss"]
[EventRounds "5"]
[EventCountry "ENG"]
[SourceTitle "EXT 2021"]
[Source "ChessBase"]
[SourceDate "2020.10.23"]
[SourceVersion "1"]
[SourceVersionDate "2020.10.23"]
[SourceQuality "1"]

1. d4 Nf6 2. c4 g6 3. g3 Bg7 4. Bg2 0-0 5. Nc3 d6 6. Nf3 c6 7. 0-0 a6 8. a4 Bg4 9. e4 Nbd7 10. h3 Bxf3 11. Bxf3 e5 12. Be3 Re8 13. d5 c5 14. Qd2 Rf8 15. Bg2 1/2-1/2

[Event "Harrogate 4NCL op-A 17th"]
[Site "Harrogate"]
[Date "2018.01.20"]
[Round "2"]
[White "Wells, Jonathan C"]
[Black "Ther, Mate T"]
[Result "1-0"]
[WhiteElo "1965"]
[BlackElo "1576"]
[PlyCount "87"]
[EventDate "2018.01.19"]
[EventType "swiss"]
[EventRounds "5"]
[EventCountry "ENG"]
[SourceTitle "CBM 182 Extra"]
[Source "ChessBase"]
[SourceDate "2018.02.23"]
[SourceVersion "1"]
[SourceVersionDate "2018.02.23"]
[SourceQuality "1"]

1. d4 Nf6 2. c4 e6 3. g3 d5 4. Nf3 Be7 5. Bg2 0-0 6. 0-0 dxc4 7. Qc2 a6 8. a4 Bd7 9. Ne5 Bc6 10. Nxc6 Nxc6 11. Bxc6 bxc6 12. Qxc4 Qd5 13. Nd2 Rfd8 14. e3 a5 15. b3 Rab8 16. Ba3 Bb4 17. Qxd5 Rxd5 18. Bxb4 Rxb4 19. Rac1 Rb6 20. Rc2 e5 21. dxe5 Nd7 22. f4 c5 23. Kf2 Rh6 24. h4 f5 25. Ke2 Nb6 26. Rfc1 Rc6 27. Nc4 Nxc4 28. bxc4 Rd8 29. Rb2 Rb6 30. Rb5 Rxb5 31. cxb5 Rd5 32. Rd1 Rxd1 33. Kxd1 Kf7 34. Kd2 Ke6 35. Kd3 Kd5 36. h5 c4+ 37. Kc3 Kc5 38. e6 Kd6 39. Kxc4 Kxe6 40. Kc5 Kd7 41. Kd5 Kd8 42. Kc6 Kc8 43. b6 cxb6 44. Kxb6 1-0

[Event "GBR-ch U2050 op 104th"]
[Site "Llandudno"]
[Date "2017.08.03"]
[Round "4"]
[White "Nayak, Raghav"]
[Black "Wells, Jonathan C"]
[Result "0-1"]
[WhiteElo "1737"]
[BlackElo "2037"]
[PlyCount "86"]
[EventDate "2017.07.31"]
[EventType "swiss"]
[EventRounds "5"]
[EventCountry "WLS"]
[SourceTitle "EXT 2019"]
[Source "ChessBase"]
[SourceDate "2018.10.10"]
[SourceVersion "1"]
[SourceVersionDate "2018.10.10"]
[SourceQuality "1"]

1. e4 c5 2. Nc3 Nc6 3. f4 g6 4. Nf3 Bg7 5. Bb5 Nd4 6. 0-0 Nxb5 7. Nxb5 a6 8. Nc3 e6 9. d4 cxd4 10. Nxd4 Ne7 11. Be3 0-0 12. f5 Nc6 13. Nxc6 bxc6 14. Bc5 Re8 15. f6 Bxf6 16. Qf3 Kg7 17. e5 Bxe5 18. Qxf7+ Kh8 19. Ne4 Bb7 20. Nf6 Bxf6 21. Rxf6 d6 22. Raf1 Re7 23. Qxe7 Qxe7 24. Rf7 Qg5 25. Bxd6 Qd5 26. Be7 Kg8 27. h4 c5 28. R1f2 Qxg2+ 29. Rxg2 Kxf7 30. Bxc5 Bxg2 31. Kxg2 Rd8 32. Be3 e5 33. Kf3 Ke6 34. Ke4 Rd1 35. a3 Rh1 36. Bg5 h6 37. Be3 Rxh4+ 38. Kd3 Kd5 39. b4 h5 40. Bc5 Rh3+ 41. Be3 e4+ 42. Kd2 Kc4 43. Ke2 Kc3 0-1

[Event "GBR-ch U2050 op 104th"]
[Site "Llandudno"]
[Date "2017.08.02"]
[Round "3"]
[White "Wells, Jonathan C"]
[Black "Han, Yichen"]
[Result "1-0"]
[WhiteElo "2037"]
[BlackElo "1808"]
[PlyCount "45"]
[EventDate "2017.07.31"]
[EventType "swiss"]
[EventRounds "5"]
[EventCountry "WLS"]
[SourceTitle "EXT 2019"]
[Source "ChessBase"]
[SourceDate "2018.10.10"]
[SourceVersion "1"]
[SourceVersionDate "2018.10.10"]
[SourceQuality "1"]

1. d4 Nf6 2. c4 g6 3. g3 Bg7 4. Bg2 0-0 5. Nc3 d6 6. Nf3 Nbd7 7. 0-0 e5 8. e4 Ne8 9. Be3 f5 10. dxe5 dxe5 11. Ng5 Qe7 12. exf5 gxf5 13. Bd5+ Kh8 14. Nxh7 Nef6 15. Nxf8 Nxf8 16. Bg5 c6 17. Bxf6 Qxf6 18. Qh5+ Bh6 19. Qf7 Qg5 20. Bg2 Bd7 21. Rad1 Rd8 22. h4 Qg4 23. Qf6+ 1-0

[Event "GBR-ch Morning op 104th"]
[Site "Llandudno"]
[Date "2017.08.02"]
[Round "3"]
[White "Wells, Jonathan C"]
[Black "Whitehead, Mark A"]
[Result "1-0"]
[WhiteElo "2037"]
[BlackElo "1917"]
[PlyCount "69"]
[EventDate "2017.07.31"]
[EventType "swiss"]
[EventRounds "5"]
[EventCountry "WLS"]
[SourceTitle "EXT 2018"]
[Source "ChessBase"]
[SourceDate "2017.10.13"]
[SourceVersion "1"]
[SourceVersionDate "2017.10.13"]
[SourceQuality "1"]

1. d4 Nf6 2. c4 e6 3. g3 Bb4+ 4. Bd2 Qe7 5. Nf3 0-0 6. Bg2 Nc6 7. 0-0 Bxd2 8. Qxd2 d6 9. Nc3 Bd7 10. Rac1 a6 11. Rfd1 Rac8 12. e3 Nd8 13. b3 Ng4 14. h3 Nh6 15. e4 f5 16. e5 Nhf7 17. Re1 c5 18. exd6 Qxd6 19. dxc5 Qxd2 20. Nxd2 Rxc5 21. f4 g5 22. Rcd1 Bc8 23. Re3 Kg7 24. Nf3 h6 25. Na4 gxf4 26. gxf4 Rc7 27. Nb6 Kf6 28. Ne5 Nxe5 29. Rxe5 Nf7 30. Re2 Nd8 31. Kf2 Nc6 32. Rd6 Kf7 33. Nxc8 Rfxc8 34. Rexe6 Nd4 35. Rxh6 1-0

[Event "Harrogate 4NCL op 12th"]
[Site "Harrogate"]
[Date "2017.01.07"]
[Round "3"]
[White "Wells, Jonathan C"]
[Black "Winter, Kevin"]
[Result "1-0"]
[WhiteElo "2011"]
[BlackElo "1818"]
[PlyCount "131"]
[EventDate "2017.01.06"]
[EventType "swiss"]
[EventRounds "5"]
[EventCountry "ENG"]
[SourceTitle "CBM 176 Extra"]
[Source "ChessBase"]
[SourceDate "2017.03.02"]
[SourceVersion "1"]
[SourceVersionDate "2017.03.02"]
[SourceQuality "1"]

1. d4 e6 2. c4 f5 3. g3 Nf6 4. Bg2 Be7 5. Nf3 0-0 6. 0-0 d6 7. b3 Ne4 8. Bb2 a5 9. Nfd2 Nxd2 10. Nxd2 Bf6 11. f4 d5 12. Nf3 c6 13. c5 Bd7 14. Ne5 Bxe5 15. dxe5 Na6 16. Qd4 Qe7 17. Rac1 Nc7 18. a4 Ra7 19. Rfd1 Rd8 20. Bc3 Rda8 21. Be1 Be8 22. Bf3 Bg6 23. e3 Qf7 24. Qd3 Bh5 25. Qe2 Bxf3 26. Qxf3 Qe7 27. Bc3 Qf7 28. Kh1 h5 29. Rd2 g6 30. h3 Kg7 31. Rh2 Rh8 32. Rcc2 Raa8 33. Qd1 Qe7 34. Bd4 Na6 35. Qd2 Nc7 36. Qe1 Ra7 37. Rcg2 Raa8 38. Kg1 Qd8 39. Qd1 Qe7 40. Rc2 Na6 41. Qd2 Nc7 42. Qe1 Ra7 43. Kh1 Raa8 44. Kg2 Ra7 45. Kf1 Raa8 46. Qd2 Ra7 47. Kg2 Raa8 48. Rh1 Kf7 49. Kf1 Ra7 50. Qc3 h4 51. g4 Raa8 52. Rg2 Qf8 53. Kg1 Qd8 54. Kh2 Na6 55. gxf5 gxf5 56. Rhg1 Rh7 57. Rg6 Nb4 58. Qd2 Qe7 59. Rf6+ Qxf6 60. exf6 Re8 61. Qg2 Reh8 62. Qg6+ Kf8 63. Be5 Rf7 64. Rg5 Nd3 65. Rh5 Rg8 66. Bd6+ 1-0

[Event "Crawley e2e4 Gatwick Challenger op 10"]
[Site "Crawley"]
[Date "2016.10.28"]
[Round "5"]
[White "Golding, Alex"]
[Black "Wells, Jonathan C"]
[Result "1-0"]
[WhiteElo "2080"]
[BlackElo "2001"]
[PlyCount "101"]
[EventDate "2016.10.26"]
[EventType "swiss"]
[EventRounds "9"]
[EventCountry "ENG"]
[SourceTitle "EXT 2019"]
[Source "ChessBase"]
[SourceDate "2018.10.10"]
[SourceVersion "1"]
[SourceVersionDate "2018.10.10"]
[SourceQuality "1"]

1. d4 Nf6 2. c4 g6 3. Nc3 d5 4. Nf3 Bg7 5. Qb3 dxc4 6. Qxc4 0-0 7. e4 Nc6 8. h3 Nd7 9. Be3 Nb6 10. Qd3 e5 11. d5 Ne7 12. Bc5 f5 13. d6 cxd6 14. Qxd6 Nc6 15. Qxd8 Rxd8 16. Bxb6 axb6 17. Bc4+ Kf8 18. Nd5 b5 19. Nc7 Rb8 20. Bxb5 Nd4 21. Nxd4 exd4 22. f3 Be5 23. Nd5 Be6 24. Nb4 fxe4 25. fxe4 Ke7 26. Nd3 Bg3+ 27. Kd2 Kd6 28. Ba4 Ra8 29. Bb3 Bxb3 30. axb3 Rac8 31. Ra5 Ke7 32. Ra7 Rd7 33. Nb4 Bb8 34. Ra5 Ke6 35. Nd5 Rf7 36. Kd3 Rf2 37. Nb6 Rd8 38. Rd5 Rxd5 39. exd5+ Kd6 40. Re1 Rxg2 41. b4 Rg3+ 42. Kxd4 Ba7 43. Re6+ Kc7 44. Kc5 Bxb6+ 45. Rxb6 Rxh3 46. Rf6 g5 47. Rf7+ Kd8 48. Rg7 h6 49. b5 Rg3 50. b6 h5 51. Kd6 1-0

[Event "Crawley e2e4 Gatwick Challenger op 10"]
[Site "Crawley"]
[Date "2016.10.27"]
[Round "3"]
[White "Verma, Aditya"]
[Black "Wells, Jonathan C"]
[Result "1/2-1/2"]
[WhiteElo "1877"]
[BlackElo "2001"]
[PlyCount "63"]
[EventDate "2016.10.26"]
[EventType "swiss"]
[EventRounds "9"]
[EventCountry "ENG"]
[SourceTitle "EXT 2019"]
[Source "ChessBase"]
[SourceDate "2018.10.10"]
[SourceVersion "1"]
[SourceVersionDate "2018.10.10"]
[SourceQuality "1"]

1. e4 c5 2. Nf3 e6 3. d4 cxd4 4. Nxd4 Nf6 5. Nc3 d6 6. g3 Be7 7. Bg2 0-0 8. 0-0 a6 9. Be3 Qc7 10. h3 Nc6 11. Nde2 b5 12. a3 Bb7 13. g4 Rad8 14. g5 Nd7 15. f4 Nb6 16. b3 f6 17. h4 g6 18. Qe1 Rb8 19. f5 b4 20. axb4 Nxb4 21. Rc1 exf5 22. exf5 Bxg2 23. Kxg2 Qb7+ 24. Kg1 N6d5 25. Nd4 Nxe3 26. Qxe3 d5 27. Ne6 Rf7 28. h5 fxg5 29. hxg6 hxg6 30. fxg6 Rxf1+ 31. Rxf1 Qb6 32. Qxb6 1/2-1/2